[Event "DEM U10 2016"]
[Site "Willingen GER"]
[Date "2016.05.16"]
[Round "3"]
[White "Schwartz, Oliver"]
[Black "Müller, Maximilian"]
[Result "1-0"]
[Termination "normal"]
[Board "19"]
[WhiteElo "1440"]
[BlackElo "784"]
[PlyCount "107"]
[WhiteFideId "16207459"]
[BlackFideId "16243552"]
[EventCountry "GER"]
[EventRounds "11"]
[EventType "swiss"]
[EventDate "2016.05.14"]

1. e4 e5 2. Nf3 Nc6 3. Bc4 Nf6 4. Ng5 Rg8 5. Bxf7+ Ke7 6. Bxg8 Nxg8 7. d3 Nf6
8. Nc3 Ke8 9. Be3 d6 10. h3 Be7 11. Qd2 h6 12. Nf3 Be6 13. d4 Qd7 14. d5 Nd4
15. Nxd4 exd4 16. dxe6 Qxe6 17. Qxd4 c5 18. Qa4+ Kf8 19. O-O-O a6 20. f3 b5 21.
Qb3 c4 22. Qb4 d5 23. Bc5 dxe4 24. Bxe7+ Qxe7 25. Qxe7+ Kxe7 26. fxe4 Nh5 27.
Nd5+ Ke6 28. Nc7+ Ke5 29. Nxa8 Nf4 30. g3 Ne2+ 31. Kd2 Nxg3 32. Rhe1 Nxe4+ 33.
Ke3 Nf6 34. Nc7 Nh7 35. Nxa6 g5 36. Kf3+ Kf5 37. Rd5+ Kg6 38. Rxb5 Nf8 39. Re8
Nh7 40. a4 Nf6 41. Re6 Kf7 42. Rxf6+ Kxf6 43. Kg4 Kg6 44. a5 h5+ 45. Kg3 h4+
46. Kg4 Kh6 47. Rxg5 Kh7 48. Kf5 Kh6 49. Kf6 c3 50. bxc3 Kh7 51. Rg6 Kh8 52.
Rh6+ Kg8 53. Rxh4 Kf8 54. Rh8# 1-0

[Event "DEM U10 2016"]
[Site "Willingen GER"]
[Date "2016.05.16"]
[Round "3"]
[White "Chassard, Cedric"]
[Black "Lox, Nils Norman"]
[Result "1/2-1/2"]
[Termination "normal"]
[Board "20"]
[WhiteElo "833"]
[BlackElo "1480"]
[PlyCount "86"]
[WhiteFideId "16243536"]
[BlackFideId "16221389"]
[EventCountry "GER"]
[EventRounds "11"]
[EventType "swiss"]
[EventDate "2016.05.14"]

1. e4 e5 2. Nf3 Nc6 3. Bc4 Bc5 4. Nc3 d6 5. d3 h6 6. h3 Nf6 7. Nd5 Be6 8. Nxf6+
gxf6 9. Be3 Bb6 10. Bxe6 fxe6 11. Qd2 Bxe3 12. Qxe3 Qd7 13. O-O-O O-O-O 14. d4
Kb8 15. Rd3 exd4 16. Nxd4 Nxd4 17. Qxd4 e5 18. Qb4 Qc6 19. Rc3 Qb6 20. Qxb6
axb6 21. Rd1 Rd7 22. Ra3 Rhd8 23. f3 d5 24. exd5 Rxd5 25. Rxd5 Rxd5 26. c3 Ra5
27. Rxa5 bxa5 28. Kd2 Kc8 29. Kd3 Kd7 30. b3 Kd6 31. a3 b5 32. c4 c6 33. cxb5
cxb5 34. g4 Kd5 35. Ke3 a4 36. bxa4 bxa4 37. Kd3 Kc5 38. Kc3 Kd5 39. Kd3 Kc5
40. Kc3 Kd5 41. Kd3 Kc5 42. Kc3 Kd5 43. Kd3 Kc5 1/2-1/2

[Event "DEM U10 2016"]
[Site "Willingen GER"]
[Date "2016.05.16"]
[Round "3"]
[White "Richter, Gerrit"]
[Black "Feng, Felix"]
[Result "0-1"]
[Termination "normal"]
[Board "21"]
[WhiteElo "1561"]
[BlackElo "1100"]
[PlyCount "44"]
[WhiteFideId "12990825"]
[BlackFideId "16275179"]
[EventCountry "GER"]
[EventRounds "11"]
[EventType "swiss"]
[EventDate "2016.05.14"]

1. d4 d6 2. e4 Nf6 3. Nc3 g6 4. Bg5 Bg7 5. e5 Nfd7 6. f4 O-O 7. Qf3 Nc6 8.
O-O-O a6 9. Bc4 Nb6 10. Bb3 Na5 11. Ne4 Nxb3+ 12. axb3 Bf5 13. exd6 cxd6 14.
Nxd6 Qxd6 15. Qxb7 f6 16. Bh4 Rfc8 17. Rd2 Qxf4 18. Bg3 Rxc2+ 19. Kb1 Rxd2+ 20.
Ka2 Qxd4 21. Ka3 Qc5+ 22. Ka2 Qa5# 0-1

[Event "DEM U10 2016"]
[Site "Willingen GER"]
[Date "2016.05.16"]
[Round "3"]
[White "Rapp, Leonard"]
[Black "Laube, Jannis"]
[Result "1/2-1/2"]
[Termination "normal"]
[Board "22"]
[WhiteElo "1504"]
[BlackElo "1495"]
[PlyCount "145"]
[WhiteFideId "16212428"]
[BlackFideId "16205995"]
[EventCountry "GER"]
[EventRounds "11"]
[EventType "swiss"]
[EventDate "2016.05.14"]

1. e4 e5 2. Nf3 Nc6 3. d4 exd4 4. Nxd4 Bc5 5. Be3 Nf6 6. Nxc6 bxc6 7. Bxc5 Nxe4
8. Qe2 d5 9. f3 Ba6 10. Qe3 Qg5 11. Qxg5 Nxg5 12. Bxa6 Ne6 13. Ba3 c5 14. Be2
O-O 15. Nc3 Rfe8 16. O-O-O d4 17. Nd5 Rad8 18. c4 c6 19. Rhe1 cxd5 20. cxd5
Rxd5 21. Bc4 Rh5 22. Bxe6 fxe6 23. h3 Kf7 24. b4 cxb4 25. Bxb4 e5 26. f4 Rc8+
27. Kb2 Rb8 28. Kb3 a5 29. fxe5 Rxb4+ 30. Kc2 Ke6 31. a3 Rc4+ 32. Kb3 Rc3+ 33.
Kb2 Rxe5 34. Rxd4 Rxe1 35. Kxc3 Re3+ 36. Rd3 Re2 37. Rg3 g6 38. Kd3 Ra2 39. Ke4
Re2+ 40. Kd4 Kf5 41. Rg4 h5 42. Rg3 h4 43. Rg4 g5 44. Kc4 Re3 45. a4 Re5 46.
Kb3 Re4 47. Rxe4 Kxe4 48. Kc4 Ke3 49. Kb5 Kf2 50. Kxa5 Kxg2 51. Kb5 Kxh3 52. a5
g4 53. a6 g3 54. a7 g2 55. a8=Q g1=Q 56. Qc8+ Qg4 57. Qc3+ Kg2 58. Qc6+ Kf2 59.
Qc5+ Kf3 60. Qc3+ Kf2 61. Qc5+ Kf3 62. Qc3+ Kf4 63. Qc7+ Kg5 64. Qg7+ Kf4 65.
Qd4+ Kg3 66. Qd3+ Qf3 67. Qd6+ Kf2 68. Qc5+ Ke2 69. Qc2+ Kf1 70. Qc1+ Kg2 71.
Qg5+ Qg3 72. Qd2+ Kh3 73. Qd7+ 1/2-1/2

[Event "DEM U10 2016"]
[Site "Willingen GER"]
[Date "2016.05.16"]
[Round "3"]
[White "Scharf, Christian"]
[Black "Klonov, Jakov"]
[Result "0-1"]
[Termination "normal"]
[Board "23"]
[WhiteElo "999"]
[BlackElo "1333"]
[PlyCount "104"]
[WhiteFideId "16266110"]
[BlackFideId "16211928"]
[EventCountry "GER"]
[EventRounds "11"]
[EventType "swiss"]
[EventDate "2016.05.14"]

1. e4 c5 2. Nf3 Nc6 3. d4 cxd4 4. Nxd4 g6 5. Be3 Bg7 6. Bc4 Nf6 7. f3 Qa5+ 8.
Qd2 Qxd2+ 9. Nxd2 Nxe4 10. Nxe4 Nxd4 11. Bxd4 Bxd4 12. O-O-O Bg7 13. Rhe1 O-O
14. g4 d6 15. Ng5 Bh6 16. h4 Bxg5+ 17. hxg5 Re8 18. Bb5 Rd8 19. Rxe7 d5 20.
Re8+ Rxe8 21. Bxe8 Be6 22. Ba4 Rc8 23. Bb3 Rc5 24. Kd2 Kf8 25. Kd3 Ke7 26. Kd4
Kd6 27. c3 b6 28. a3 Rb5 29. Ba4 Rxb2 30. Rc1 Ra2 31. Bb5 Rxa3 32. c4 dxc4 33.
Bxc4 Ra4 34. Kd3 Rxc4 35. Rxc4 Bxc4+ 36. Kxc4 Kc6 37. f4 a5 38. f5 gxf5 39.
gxf5 b5+ 40. Kb3 Kc5 41. Ka3 Kc4 42. f6 b4+ 43. Ka4 b3 44. Ka3 Kc3 45. g6 hxg6
46. Ka4 b2 47. Kb5 b1=Q+ 48. Kxa5 Qb4+ 49. Ka6 Kc4 50. Ka7 Kc5 51. Ka8 Kc6 52.
Ka7 Qb7# 0-1

[Event "DEM U10 2016"]
[Site "Willingen GER"]
[Date "2016.05.16"]
[Round "3"]
[White "Böhm, Karl"]
[Black "Lenz, Joshua"]
[Result "1/2-1/2"]
[Termination "normal"]
[Board "24"]
[WhiteElo "1260"]
[BlackElo "1086"]
[PlyCount "107"]
[WhiteFideId "16209800"]
[BlackFideId "16256956"]
[EventCountry "GER"]
[EventRounds "11"]
[EventType "swiss"]
[EventDate "2016.05.14"]

1. e4 e6 2. d4 d5 3. exd5 exd5 4. Nc3 c6 5. Bd3 Bd6 6. Nf3 Ne7 7. O-O Bf5 8.
Re1 Bxd3 9. Qxd3 Bc7 10. Bg5 f6 11. Bh4 Na6 12. a3 Qd7 13. b4 O-O 14. b5 cxb5
15. Qxb5 Qxb5 16. Nxb5 Nf5 17. Rab1 b6 18. Bg3 Bxg3 19. hxg3 Rfc8 20. Rbc1 Nc7
21. Nc3 a5 22. a4 Rab8 23. g4 Nd6 24. g5 b5 25. axb5 Ndxb5 26. Nxb5 Nxb5 27.
gxf6 gxf6 28. Nd2 Nxd4 29. c4 dxc4 30. Rxc4 Rxc4 31. Nxc4 a4 32. Ra1 Rb4 33.
Ne3 Ne2+ 34. Kf1 Nc3 35. Rc1 Rb3 36. Nc2 a3 37. Na1 Rb1 38. Rxb1 Nxb1 39. Ke2
Kf7 40. Kd1 Ke6 41. Kc2 a2 42. Kb2 Kd5 43. Kxa2 Nc3+ 44. Kb3 Kd4 45. Nc2+ Kd3
46. Nb4+ Ke2 47. Kxc3 Kxf2 48. Nd5 f5 49. Kd4 h5 50. Ke5 Kxg2 51. Kxf5 h4 52.
Kg4 h3 53. Nf4+ Kh2 54. Nxh3 1/2-1/2

[Event "DEM U10 2016"]
[Site "Willingen GER"]
[Date "2016.05.16"]
[Round "3"]
[White "Lehmann, Nils"]
[Black "Fuhrmann, Bahne"]
[Result "1-0"]
[Termination "normal"]
[Board "25"]
[WhiteElo "1461"]
[BlackElo "1034"]
[PlyCount "67"]
[WhiteFideId "12982610"]
[BlackFideId "16244842"]
[EventCountry "GER"]
[EventRounds "11"]
[EventType "swiss"]
[EventDate "2016.05.14"]

1. e4 c5 2. Nf3 e6 3. d4 cxd4 4. Nxd4 a6 5. Nc3 b5 6. a3 Bb7 7. Be2 Qc7 8. O-O
Nf6 9. f3 Be7 10. Be3 d6 11. Qd2 Nbd7 12. Rac1 O-O 13. Kh1 Nb6 14. Bd3 Nc4 15.
Bxc4 Qxc4 16. Qd3 d5 17. e5 Nd7 18. f4 Nc5 19. Qd2 Nd7 20. Qf2 f6 21. exf6 Rxf6
22. Qd2 e5 23. b3 Qc7 24. fxe5 Rxf1+ 25. Rxf1 Nxe5 26. Bf4 Bxa3 27. Re1 Bb4 28.
Re3 Rf8 29. Ne6 Rxf4 30. Nxf4 Nc4 31. bxc4 Qxf4 32. Re8+ Kf7 33. Qxf4+ Kxe8 34.
Qb8+ 1-0

[Event "DEM U10 2016"]
[Site "Willingen GER"]
[Date "2016.05.16"]
[Round "3"]
[White "Sallandt, Frido"]
[Black "Poschadel, Andreas Gregor"]
[Result "1-0"]
[Termination "normal"]
[Board "26"]
[WhiteElo "1080"]
[BlackElo "1222"]
[PlyCount "61"]
[WhiteFideId "16231767"]
[BlackFideId "16204948"]
[EventCountry "GER"]
[EventRounds "11"]
[EventType "swiss"]
[EventDate "2016.05.14"]

1. e4 e5 2. Nf3 Nc6 3. Bc4 Bc5 4. c3 Qf6 5. d3 h6 6. Be3 b6 7. Nbd2 Nge7 8. Qe2
O-O 9. O-O-O d6 10. h3 Rb8 11. g4 Qg6 12. g5 h5 13. Rdg1 Qh7 14. Nh4 g6 15. b4
Bxe3 16. Qxe3 b5 17. Bb3 a5 18. bxa5 Nxa5 19. Qa7 Nxb3+ 20. Nxb3 Rb7 21. Qe3
Qg7 22. Na5 Rb6 23. Kb1 d5 24. Qc5 Rd6 25. Qxc7 Rd7 26. Qb6 dxe4 27. dxe4 Rd2
28. Qxb5 Bd7 29. Qc5 Re8 30. Nb7 Nc6 31. Qe3 1-0

[Event "DEM U10 2016"]
[Site "Willingen GER"]
[Date "2016.05.16"]
[Round "3"]
[White "Bakiyev, Diyar"]
[Black "Frank, Marian"]
[Result "0-1"]
[Termination "normal"]
[Board "28"]
[WhiteElo "1027"]
[BlackElo "1101"]
[PlyCount "92"]
[WhiteFideId "16230531"]
[BlackFideId "16245059"]
[EventCountry "GER"]
[EventRounds "11"]
[EventType "swiss"]
[EventDate "2016.05.14"]

1. e4 e5 2. Nf3 Nc6 3. Bc4 Bc5 4. c3 Qf6 5. O-O d6 6. d4 exd4 7. Bg5 Qg6 8.
cxd4 Nxd4 9. Nxd4 Bxd4 10. Qxd4 Qxg5 11. Nd2 Bh3 12. g3 Bxf1 13. Rxf1 Nf6 14.
Nf3 Qh5 15. Be2 Qc5 16. Qa4+ c6 17. Qd1 O-O 18. Qb3 Rab8 19. e5 dxe5 20. Bc4 b5
21. Bd3 e4 22. Ne5 Qxe5 23. Re1 Qd4 24. Bc2 Ng4 25. Re2 Rfe8 26. a3 e3 27. fxe3
Rxe3 28. Rxe3 Qxe3+ 29. Qxe3 Nxe3 30. Be4 c5 31. Kf2 Nd1+ 32. Kf3 Nxb2 33. h4
c4 34. g4 c3 35. h5 Nc4 36. g5 Nd2+ 37. Ke2 Nxe4 38. Kd3 Rc8 39. Kc2 Nxg5 40.
Kd1 Ne4 41. Kc2 a5 42. Kb1 b4 43. a4 Ng3 44. h6 c2+ 45. Kb2 c1=Q+ 46. Kb3 Qa3#
0-1

[Event "DEM U10 2016"]
[Site "Willingen GER"]
[Date "2016.05.16"]
[Round "4"]
[White "Rössel, Gino"]
[Black "Bui, Bao Anh Le"]
[Result "1-0"]
[Termination "normal"]
[Board "1"]
[WhiteElo "1682"]
[BlackElo "1659"]
[WhiteClock "00:12:31"]
[BlackClock "00:05:26"]
[PlyCount "85"]
[WhiteFideId "16203070"]
[BlackFideId "12970719"]
[EventCountry "GER"]
[EventRounds "11"]
[EventType "swiss"]
[EventDate "2016.05.14"]

1. e4 c5 2. c3 d5 3. exd5 Nf6 4. d4 Nxd5 5. Nf3 e6 6. Bc4 Nc6 7. O-O Be7 8. Na3
O-O 9. Nc2 b6 10. Ne3 cxd4 11. cxd4 Bf6 12. Ng4 Be7 13. Nge5 Na5 14. Bd3 f6 15.
Nc4 Nxc4 16. Bxc4 Bb7 17. Re1 Rc8 18. Qe2 Rc6 19. Bb5 Rd6 20. Bc4 Re8 21. b3
Bf8 22. Ba3 Rd7 23. Bxf8 Kxf8 24. Qd3 Kg8 25. Bb5 Nb4 26. Qc4 Bxf3 27. Bxd7
Qxd7 28. gxf3 Nd5 29. Rac1 Kf7 30. a4 a5 31. Qc6 Qxc6 32. Rxc6 g6 33. Kg2 f5
34. Kg3 h6 35. Re5 Re7 36. Rd6 Re8 37. Rdxd5 exd5 38. Rxe8 Kxe8 39. Kf4 Kd7 40.
Ke5 Kc6 41. Kf6 b5 42. Kxg6 bxa4 43. bxa4 1-0

[Event "DEM U10 2016"]
[Site "Willingen GER"]
[Date "2016.05.16"]
[Round "4"]
[White "Prieb, Robert"]
[Black "Lutz, Adam"]
[Result "1/2-1/2"]
[Termination "normal"]
[Board "2"]
[WhiteElo "1505"]
[BlackElo "1601"]
[WhiteClock "00:07:34"]
[BlackClock "00:29:18"]
[PlyCount "64"]
[WhiteFideId "16212002"]
[BlackFideId "16226615"]
[EventCountry "GER"]
[EventRounds "11"]
[EventType "swiss"]
[EventDate "2016.05.14"]

1. d4 d5 2. c4 e6 3. Nc3 Nf6 4. Nf3 c6 5. Bf4 Bd6 6. Bxd6 Qxd6 7. e3 Nbd7 8.
Be2 O-O 9. O-O Re8 10. c5 Qc7 11. b4 b5 12. a4 bxa4 13. Rxa4 e5 14. b5 exd4 15.
exd4 Ne4 16. Nxe4 Rxe4 17. Bd3 cxb5 18. Bxb5 Re7 19. Re1 Rxe1+ 20. Qxe1 Nf6 21.
Ne5 Bd7 22. Nxd7 Nxd7 23. g3 Nf6 24. Qa5 Qe7 25. c6 g6 26. Ba6 Ne8 27. Bb7 Rd8
28. Ra1 Nc7 29. Re1 Qd6 30. Qc5 Qxc5 31. dxc5 Kf8 32. f4 f5 1/2-1/2

[Event "DEM U10 2016"]
[Site "Willingen GER"]
[Date "2016.05.16"]
[Round "4"]
[White "Eilenberg, Jonas"]
[Black "Tham, Nam"]
[Result "1/2-1/2"]
[Termination "normal"]
[Board "3"]
[WhiteElo "1494"]
[BlackElo "1575"]
[WhiteClock "00:21:11"]
[BlackClock "00:50:49"]
[PlyCount "48"]
[WhiteFideId "16204271"]
[BlackFideId "12997331"]
[EventCountry "GER"]
[EventRounds "11"]
[EventType "swiss"]
[EventDate "2016.05.14"]

1. d4 Nf6 2. c4 e6 3. Nc3 Bb4 4. Qc2 d5 5. Nf3 O-O 6. Bg5 h6 7. Bh4 Re8 8. e3
c5 9. dxc5 Nc6 10. Rd1 Bxc3+ 11. Qxc3 Ne4 12. Bxd8 Nxc3 13. bxc3 Rxd8 14. cxd5
exd5 15. Bb5 Be6 16. h3 a6 17. Be2 Rac8 18. Nd4 Ne7 19. Nb3 Nc6 20. O-O Nb8 21.
Bf3 g6 22. Rfe1 Nc6 23. Be2 Ne5 24. Na5 Rd7 1/2-1/2

[Event "DEM U10 2016"]
[Site "Willingen GER"]
[Date "2016.05.16"]
[Round "4"]
[White "Phan Trong, Dai"]
[Black "Schubert, Nikita"]
[Result "1-0"]
[Termination "normal"]
[Board "4"]
[WhiteElo "1376"]
[BlackElo "1652"]
[WhiteClock "00:45:10"]
[BlackClock "00:00:48"]
[PlyCount "163"]
[WhiteFideId "16236939"]
[BlackFideId "16212339"]
[EventCountry "GER"]
[EventRounds "11"]
[EventType "swiss"]
[EventDate "2016.05.14"]

1. d4 Nf6 2. c4 e6 3. Nf3 b6 4. a3 Bb7 5. e3 Be7 6. Bd3 O-O 7. Nc3 d6 8. b4
Nbd7 9. Bb2 c5 10. O-O Rc8 11. Nd2 d5 12. Qb3 Qc7 13. Nb5 Qb8 14. Rac1 a6 15.
Nc3 Rfd8 16. Rfd1 cxd4 17. exd4 dxc4 18. Bxc4 b5 19. Bd3 Bd5 20. Nxd5 Nxd5 21.
Be4 N7b6 22. Nf3 Bf6 23. Rc5 Be7 24. Rc2 Rxc2 25. Qxc2 f5 26. Bxd5 Nxd5 27. Re1
Rc8 28. Qd2 Qd6 29. Ne5 Bf6 30. Nd3 Nb6 31. Nc5 Nc4 32. Qc2 Re8 33. Rd1 Kf7 34.
Qe2 g6 35. Qc2 Kg7 36. g3 Nxb2 37. Qxb2 e5 38. d5 e4 39. Qd2 h6 40. Ne6+ Kh7
41. Rc1 Bg5 42. Nxg5+ hxg5 43. Qxg5 Rg8 44. Qd2 Rd8 45. Rd1 Kg7 46. Qd4+ Kf7
47. Kf1 Qf6 48. Qa7+ Ke8 49. Qc5 Qd6 50. Ke2 Ke7 51. Ke3 Kf6 52. Qxd6+ Rxd6 53.
Kd4 Ke7 54. Ke5 Kd7 55. Rc1 g5 56. Rc5 Rh6 57. d6 Rxd6 58. Kxf5 Rd2 59. Kxe4
Rxf2 60. Rxg5 Rxh2 61. Rg6 Rg2 62. Kf4 Rf2+ 63. Kg4 a5 64. bxa5 Ra2 65. Rb6
Rxa3 66. Rxb5 Ke7 67. Kh4 Kf7 68. g4 Kg7 69. Kg5 Ra4 70. Kf5 Kf7 71. g5 Ra1 72.
g6+ Kg7 73. Rb7+ Kg8 74. Kf6 Rf1+ 75. Ke6 Re1+ 76. Kd6 Rd1+ 77. Kc6 Ra1 78. Kb6
Rb1+ 79. Ka7 Ra1 80. a6 Ra4 81. Rb6 Re4 82. Ka8 1-0

[Event "DEM U10 2016"]
[Site "Willingen GER"]
[Date "2016.05.16"]
[Round "4"]
[White "Wagner, Leopold Franziskus"]
[Black "Bungarten, Jona"]
[Result "1/2-1/2"]
[Termination "normal"]
[Board "5"]
[WhiteElo "1844"]
[BlackElo "1466"]
[WhiteClock "00:01:03"]
[BlackClock "00:28:40"]
[PlyCount "139"]
[WhiteFideId "1641581"]
[BlackFideId "16223608"]
[EventCountry "GER"]
[EventRounds "11"]
[EventType "swiss"]
[EventDate "2016.05.14"]

1. e4 e5 2. Nf3 Nc6 3. Bc4 Nf6 4. Ng5 Bc5 5. Bxf7+ Ke7 6. Bb3 Rf8 7. O-O d6 8.
d3 Bg4 9. Nf3 Qe8 10. h3 Bh5 11. c3 Nd7 12. Bg5+ Nf6 13. Nbd2 h6 14. Be3 Bb6
15. Bxb6 axb6 16. Qe1 g5 17. Nh2 Qc8 18. f3 Bf7 19. Bxf7 Rxf7 20. Qe3 Qg8 21.
Ng4 Nxg4 22. hxg4 Rh7 23. a3 h5 24. gxh5 Rxh5 25. Kf2 Qh7 26. Ke2 Nd8 27. Rf2
Ne6 28. g3 Nf4+ 29. Kd1 Ne6 30. Kc2 Rh3 31. Rg1 Rf8 32. Rgg2 c5 33. a4 Ra8 34.
b3 Qh8 35. c4 Nd4+ 36. Kb2 Rg8 37. Ka2 Nc2 38. Qe2 Nd4 39. Qd1 Rg7 40. Nf1 Rgh7
41. Qd2 Qg7 42. f4 g4 43. f5 Kf7 44. Nh2 Rxh2 45. Rxh2 Rxh2 46. Rxh2 Nf3 47.
Qf2 Nxh2 48. Qxh2 Qg5 49. Kb2 Qe3 50. Kc2 Kg7 51. Qg2 Kf6 52. Qd2 Qxg3 53. Qh6+
Kf7 54. Qe6+ Kf8 55. Qxd6+ Kf7 56. Qc7+ Kf8 57. Qc8+ Kf7 58. Qxb7+ Kf8 59. Qc8+
Kf7 60. Qd7+ Kf8 61. Qd6+ Kf7 62. Qe6+ Kf8 63. Qh6+ Kf7 64. Qd2 Qh3 65. Kd1
Qf3+ 66. Qe2 Qh1+ 67. Qe1 Qf3+ 68. Qe2 Qh1+ 69. Qe1 Qf3+ 70. Qe2 1/2-1/2

[Event "DEM U10 2016"]
[Site "Willingen GER"]
[Date "2016.05.16"]
[Round "4"]
[White "Hagenbeck-Hübert, Ben"]
[Black "Hommer, Jeremy"]
[Result "0-1"]
[Termination "normal"]
[Board "6"]
[WhiteElo "1428"]
[BlackElo "1741"]
[WhiteClock "00:49:33"]
[BlackClock "00:07:35"]
[PlyCount "144"]
[WhiteFideId "16230779"]
[BlackFideId "12992577"]
[EventCountry "GER"]
[EventRounds "11"]
[EventType "swiss"]
[EventDate "2016.05.14"]

1. e4 c6 2. d4 d5 3. exd5 cxd5 4. Nf3 Nf6 5. Nc3 Nc6 6. Bf4 Bg4 7. Be2 e6 8. a3
Be7 9. O-O O-O 10. h3 Bh5 11. Ne5 Bxe2 12. Nxe2 Rc8 13. Rc1 Na5 14. b3 b5 15.
Bd2 Ne4 16. f3 Nxd2 17. Qxd2 Bf6 18. g4 Bxe5 19. dxe5 Nc6 20. f4 f5 21. Qe1 Kh8
22. gxf5 Rxf5 23. Qg3 Qe7 24. b4 Rg8 25. h4 Rh5 26. Kf2 Qxh4 27. Rh1 Qxg3+ 28.
Kxg3 Rxh1 29. Rxh1 g5 30. Rh2 gxf4+ 31. Kxf4 Rf8+ 32. Kg3 Nxe5 33. Nd4 Rg8+ 34.
Kf4 Ng6+ 35. Ke3 e5 36. Nxb5 Rg7 37. c3 Rd7 38. a4 Nf4 39. Rh6 Ng6 40. a5 Kg7
41. Rh1 Kf6 42. Ra1 Nf4 43. a6 Ne6 44. Ra5 d4+ 45. cxd4 exd4+ 46. Kd3 h6 47.
Nxa7 Rxa7 48. b5 Nc5+ 49. Kc4 d3 50. Kxc5 d2 51. Ra1 Rc7+ 52. Kb6 Rc1 53. Rxc1
dxc1=Q 54. Kb7 Qh1+ 55. Kb8 Qb1 56. a7 Qxb5+ 57. Kc7 Qa5+ 58. Kb8 h5 59. a8=Q
Qxa8+ 60. Kxa8 h4 61. Kb7 h3 62. Kc6 h2 63. Kc5 h1=Q 64. Kd4 Qe1 65. Kd3 Kf5
66. Kd4 Qe4+ 67. Kc5 Ke5 68. Kb6 Qc4 69. Kb7 Kd6 70. Kb6 Qb4+ 71. Ka6 Kc7 72.
Ka7 Qb7# 0-1

[Event "DEM U10 2016"]
[Site "Willingen GER"]
[Date "2016.05.16"]
[Round "4"]
[White "Fuchs, Florian"]
[Black "Toval, David"]
[Result "1-0"]
[Termination "normal"]
[Board "7"]
[WhiteElo "1724"]
[BlackElo "1516"]
[WhiteClock "00:42:40"]
[BlackClock "00:22:06"]
[PlyCount "107"]
[WhiteFideId "16213351"]
[BlackFideId "12992755"]
[EventCountry "GER"]
[EventRounds "11"]
[EventType "swiss"]
[EventDate "2016.05.14"]

1. e4 c5 2. Nf3 d6 3. c3 Nf6 4. h3 e6 5. Bd3 Be7 6. O-O a6 7. Bc2 b5 8. d4 cxd4
9. cxd4 Bb7 10. Re1 O-O 11. a3 Re8 12. Nc3 Nfd7 13. Qd3 Nf8 14. Bf4 Ng6 15. Bg3
Nd7 16. Rac1 Rc8 17. Ne2 Nb6 18. Nf4 Nc4 19. b4 Qd7 20. Nxg6 hxg6 21. h4 Nb2
22. Qb3 Nc4 23. Rb1 Nxa3 24. Qxa3 Rxc2 25. Qe3 Rcc8 26. Kh2 Bf6 27. Rh1 Qc6 28.
Rbe1 Be7 29. Kg1 Qc3 30. Qf4 Qxb4 31. h5 g5 32. Qg4 Kh7 33. Rf1 a5 34. h6 g6
35. Nxg5+ Bxg5 36. Qxg5 Qxd4 37. e5 Qe4 38. f3 Qf5 39. Qxf5 exf5 40. exd6 Red8
41. Rd1 Rc2 42. d7 Bc8 43. Rd5 Rxd7 44. Rxb5 Ra7 45. Rh4 a4 46. Be5 a3 47. Rb1
a2 48. Ra1 Be6 49. Bf6 Rb7 50. Rh1 Rb1+ 51. Kh2 Rxa1 52. Bxa1 Kxh6 53. Kg3+ Kg5
54. f4# 1-0

[Event "DEM U10 2016"]
[Site "Willingen GER"]
[Date "2016.05.16"]
[Round "4"]
[White "Laux, Dominik"]
[Black "Werner, Denis"]
[Result "1-0"]
[Termination "normal"]
[Board "8"]
[WhiteElo "1529"]
[BlackElo "1397"]
[WhiteClock "00:25:40"]
[BlackClock "01:11:32"]
[PlyCount "105"]
[WhiteFideId "12994219"]
[BlackFideId "16226429"]
[EventCountry "GER"]
[EventRounds "11"]
[EventType "swiss"]
[EventDate "2016.05.14"]

1. d4 Nf6 2. Nc3 d5 3. Bf4 e6 4. e3 c5 5. Nb5 Na6 6. a4 Be7 7. Nf3 O-O 8. Be2
Bd7 9. Ne5 Bxb5 10. Bxb5 Nc7 11. Be2 cxd4 12. exd4 Bd6 13. h4 h6 14. g4 Nh7 15.
Be3 Rc8 16. Bd3 g6 17. Bxh6 Ne8 18. Bxf8 Bxf8 19. Qf3 Qf6 20. Qxf6 Nexf6 21.
O-O-O Bd6 22. f3 Bxe5 23. dxe5 Nd7 24. f4 Nc5 25. g5 Nxd3+ 26. Rxd3 Rc4 27. Rf1
Rxa4 28. Ra3 Rxa3 29. bxa3 Kf8 30. Kb2 Ke7 31. Kb3 Kd7 32. Kb4 Kc6 33. Rf3 Kd7
34. Rc3 Nf8 35. a4 Kd8 36. Kc5 Kc7 37. Kb5+ Kd7 38. a5 Nh7 39. a6 b6 40. Rh3
Nf8 41. h5 gxh5 42. Rxh5 Ng6 43. Rh7 Ke7 44. Kc6 Nxf4 45. Kb7 Ng6 46. Kxa7 Nxe5
47. Kxb6 Nf3 48. g6 Ng5 49. Rxf7+ Nxf7 50. gxf7 Kxf7 51. a7 Kf6 52. a8=Q Ke5
53. Kc5 1-0

[Event "DEM U10 2016"]
[Site "Willingen GER"]
[Date "2016.05.16"]
[Round "4"]
[White "Kodalle, Dominik"]
[Black "Metzdorf, Matteo"]
[Result "0-1"]
[Termination "normal"]
[Board "9"]
[WhiteElo "1399"]
[BlackElo "1211"]
[WhiteClock "00:32:39"]
[BlackClock "00:34:07"]
[PlyCount "164"]
[WhiteFideId "16208722"]
[BlackFideId "16209869"]
[EventCountry "GER"]
[EventRounds "11"]
[EventType "swiss"]
[EventDate "2016.05.14"]

1. e4 e6 2. d4 d5 3. e5 c5 4. c3 Nc6 5. Nf3 Qb6 6. a3 c4 7. Be2 Bd7 8. Nbd2 Na5
9. Rb1 Nb3 10. Nxb3 Ba4 11. Nfd2 Ne7 12. Nxc4 dxc4 13. Bxc4 Rc8 14. Qe2 Bxb3
15. Bxb3 Qxb3 16. Bd2 Nf5 17. O-O Be7 18. Qg4 O-O 19. g3 Qb6 20. h4 Qd8 21. h5
h6 22. Qf3 Bg5 23. Bxg5 Qxg5 24. Qxb7 Qxh5 25. Qg2 Qg4 26. Rfe1 Rb8 27. Re4 Qg5
28. Rf4 Ne7 29. c4 Qg6 30. Qf1 Qc2 31. b4 Ng6 32. Rf3 Qe4 33. Qd3 Qxd3 34. Rxd3
Rfd8 35. a4 Nxe5 36. Rc3 Rxd4 37. c5 Rdxb4 38. Rxb4 Rxb4 39. c6 Rb8 40. c7 Rc8
41. f4 Nd7 42. a5 Nf6 43. Rb3 Rxc7 44. Rb8+ Kh7 45. Ra8 Ne4 46. Rf8 Nxg3 47.
Ra8 Ne2+ 48. Kf2 Nxf4 49. Rf8 Ng6 50. Ra8 Rb7 51. a6 Rc7 52. Rb8 Rc2+ 53. Ke3
Ra2 54. Rb7 Rxa6 55. Rxf7 Ra3+ 56. Ke4 a5 57. Ra7 a4 58. Ra6 Ra1 59. Ke3 a3 60.
Kd2 a2 61. Kc2 Rh1 62. Rxa2 Rh2+ 63. Kb3 Rxa2 64. Kxa2 h5 65. Kb2 h4 66. Kc2 h3
67. Kd3 h2 68. Ke4 h1=R 69. Kd4 Re1 70. Kd3 Nf4+ 71. Kd2 Re5 72. Kd1 Re2 73.
Kc1 Kg6 74. Kd1 Kf5 75. Kc1 Ke4 76. Kd1 Ke3 77. Kc1 Kd3 78. Kd1 g5 79. Kc1 g4
80. Kd1 g3 81. Kc1 g2 82. Kd1 g1=R# 0-1

[Event "DEM U10 2016"]
[Site "Willingen GER"]
[Date "2016.05.16"]
[Round "4"]
[White "Grunert, Wilhelm"]
[Black "Huo, Da"]
[Result "1-0"]
[Termination "normal"]
[Board "10"]
[WhiteElo "1374"]
[BlackElo "1703"]
[PlyCount "120"]
[WhiteFideId "12995673"]
[BlackFideId "16221206"]
[EventCountry "GER"]
[EventRounds "11"]
[EventType "swiss"]
[EventDate "2016.05.14"]

1. e4 c5 2. Nf3 Nc6 3. d4 cxd4 4. Nxd4 g6 5. Nc3 Bg7 6. Be3 Nf6 7. Bc4 d6 8.
Bb3 Bd7 9. f3 a6 10. Qd2 O-O 11. O-O-O b5 12. g4 Na5 13. Bh6 Qc7 14. h4 Nxb3+
15. axb3 Rfb8 16. Bxg7 Kxg7 17. h5 b4 18. Nb1 Rc8 19. hxg6 fxg6 20. Qh6+ Kg8
21. g5 Nh5 22. Rdg1 Be8 23. Rh2 e5 24. Ne6 Qe7 25. Nd2 Qxe6 26. Rxh5 Qf7 27.
Rh2 Bb5 28. Rgh1 Ra7 29. Qh3 Re8 30. Nf1 Bxf1 31. Qxf1 Qf4+ 32. Kb1 Qxg5 33.
Qc4+ Kh8 34. Qxb4 Qf6 35. Qb6 Rd7 36. Qc6 Red8 37. Rh3 Ra7 38. Qb6 Rda8 39. Rd1
Rd7 40. Qc6 Qd8 41. Rh2 Qc8 42. Rxd6 Qxc6 43. Rxc6 Rd1+ 44. Ka2 Rf1 45. Rxg6
Rxf3 46. Rgh6 Rf7 47. R2h5 Re7 48. Ka3 Rc8 49. c3 Ra8 50. Ka4 Raa7 51. Ka5 Rab7
52. b4 Ra7 53. Rxa6 Rxa6+ 54. Kxa6 Kg7 55. b5 Kg6 56. Rf5 h5 57. b6 h4 58. b7
Re6+ 59. Ka7 Re7 60. Ka8 Re8+ 1-0